[Event "ACD 2012"]
[Site "http://www.queenalice.com/game.php?id=1024004"]
[Date "2012.2.1"]
[Round "-"]
[White "cerdany"]
[Black "doriam2203"]
[Result "1-0"]
[WhiteElo "1588"]
[BlackElo "1730"]

1. e4 e5 2. Nf3 d6 3. h3 a6 4. d4 exd4 5. Qxd4 Nc6 6. Qd1 h6 7. Nc3 Nf6 8. Bf4
Be6 9. a3 g5 10. Be3 Bg7 11. Nd4 Nxd4 12. Bxd4 c5 13. Bxf6 Bxf6 14. Be2 Qa5 15.
O-O Bxc3 16. bxc3 Qxc3 17. Rb1 b5 18. Qxd6 Qxc2 19. Qc6+ Ke7 20. Bh5 Rhc8 21.
Qb7+ Kf8 22. Rfc1 Qd3 23. Ra1 c4 24. Rd1 Qb3 25. Rd7 Bxd7 26. Qxd7 c3 27. Qd6+
Kg8 28. Qxh6 c2 29. Qxg5+ Kf8 30. Qh6+ Ke7 31. Qg5+ f6 32. Qg7+ Kd6 33. e5+ fxe5
34. Qg6+ Kc7 35. Bf3 Qc3 36. Rc1 Rg8 37. Qxc2 Qxc2 38. Rxc2+ Kd6 39. Bxa8 Rxa8
40. h4 Ke6 41. h5 Rg8 42. Rc6+ 1-0

[Event "Challenge"]
[Site "http://www.queenalice.com/game.php?id=1024558"]
[Date "2012.2.1"]
[Round "-"]
[White "pokemon"]
[Black "cerdany"]
[Result "1-0"]
[WhiteElo "1754"]
[BlackElo "1610"]

1. d4 d5 2. e3 a6 3. Bd3 Nc6 4. Nd2 e5 5. c3 e4 6. Bc2 Qg5 7. g3 Bg4 8. Ne2 Bd6
9. c4 Nf6 10. cxd5 Nxd5 11. Nxe4 Qe7 12. Nxd6+ Qxd6 13. a3 f5 14. Bd3 b5 15. Qc2
g6 16. Bd2 Bf3 17. Rg1 Bg4 18. Rc1 Nde7 19. Nf4 g5 20. Ne2 O-O-O 21. a4 Nb4 22.
Bxb4 Qxb4+ 23. Qc3 Nc6 24. axb5 axb5 25. Bxb5 Qxb5 26. Qxc6 Qxc6 27. Rxc6 Rhe8
28. Kd2 Kb7 29. Rgc1 Rd7 30. Nc3 Kxc6 31. Ne4+ Kb6 32. Nf6 Ree7 33. Nxd7+ Rxd7
34. Rc5 h6 35. Kc3 Be2 36. Rxf5 Rd6 37. e4 Bg4 38. Rf7 Be6 39. Rf8 Rc6+ 40. Kd2
g4 41. d5 Rd6 42. Kc3 Bd7 43. Kd4 Bc6 44. Ke5 Bb5 45. f4 Kc5 46. f5 Bc4 47. f6
1-0

[Event "ACD 2012"]
[Site "http://www.queenalice.com/game.php?id=1026292"]
[Date "2012.2.4"]
[Round "-"]
[White "xiao"]
[Black "cerdany"]
[Result "0-1"]
[WhiteElo "1940"]
[BlackElo "1600"]

1. e4 e5 2. Nf3 Nc6 3. Nc3 a6 4. Bc4 Nf6 5. Ng5 d5 6. exd5 Nxd5 7. Nxf7 Kxf7 8.
Nxd5 Be6 9. Qf3+ Ke8 10. Nxc7+ Qxc7 11. Bd3 Nd4 12. Qd1 g6 13. c3 Bf5 14. Bxf5
Nxf5 15. O-O Bg7 16. Re1 Rd8 17. Qg4 Kf7 18. Re4 h5 19. Qf3 Rhe8 20. h3 Kg8 21.
Rb4 b5 22. d3 Bf8 23. Re4 Bc5 24. Bg5 Rd5 25. d4 Nd6 26. Rh4 e4 27. Qf6 Ba7 28.
Qxg6+ Qg7 29. Qxg7+ Kxg7 30. f4 exf3 31. Rxh5 Kg6 32. Rh4 Rxg5 33. g3 Nf5 34.
Rg4 Re2 35. Rf1 Rg2+ 36. Kh1 Nxg3+ 37. Rxg3 R2xg3 38. h4 Rh3# 0-1

[Event "Challenge"]
[Site "http://www.queenalice.com/game.php?id=1357461"]
[Date "2015.5.5"]
[Round "-"]
[White "cerdany"]
[Black "antonio_mz"]
[Result "0-1"]
[WhiteElo "1630"]
[BlackElo "1678"]

1. e4 e5 2. Nf3 Nc6 3. a3 Bc5 4. Bc4 h6 5. b4 Bd4 6. c3 Bb6 7. d4 exd4 8. cxd4
f6 9. Bxg8 Rxg8 10. O-O d6 11. h3 f5 12. Re1 Kf7 13. Qb3+ Kg6 14. Nh4+ Qxh4 15.
Qxg8 Bxd4 16. Ra2 Qf6 17. Qe8+ Kh7 0-1

[Event "Torneig Castellar vidrio"]
[Site "http://www.queenalice.com/game.php?id=1457574"]
[Date "2017.1.2"]
[Round "-"]
[White "JORAM2205"]
[Black "cerdany"]
[Result "1-0"]
[WhiteElo "1733"]
[BlackElo "1616"]

1. Nc3 e5 2. e4 Bb4 3. Nd5 Bc5 4. b4 Bb6 5. Nxb6 axb6 6. Bc4 Nf6 7. Nf3 d6 8.
Ng5 d5 9. exd5 Nxd5 10. Qf3 Be6 11. Nxe6 fxe6 12. Qh5+ g6 13. Qxe5 Qf6 14. Qxf6
Nxf6 15. Bxe6 Nbd7 16. Bb2 Rf8 17. O-O-O Ne4 18. Rde1 Nxf2 19. Bd5+ Kd8 20. Rhf1
c6 21. Bf3 Re8 22. Rxe8+ Kxe8 23. Kb1 Kf8 24. Rxf2 Ne5 25. Bxe5 Kg8 26. Be2 c5
27. Bc4# 1-0

[Event "Castellar Vidrio Torneo"]
[Site "http://www.queenalice.com/game.php?id=1457597"]
[Date "2017.1.2"]
[Round "-"]
[White "cerdany"]
[Black "theron"]
[Result "0-1"]
[WhiteElo "1605"]
[BlackElo "1890"]

1. e4 e6 2. a3 d5 3. e5 c5 4. Bb5+ Nc6 5. d3 Qa5+ 6. Nc3 d4 7. Bxc6+ bxc6 8. b4
cxb4 9. Ne4 bxa3+ 10. Qd2 Bb4 11. Nd6+ Kf8 12. Bxa3 Bxd2+ 13. Kd1 Bb4 14. Nc4
Qa4 15. Nf3 c5 16. Bb2 Qc6 17. Ba3 Bxa3 18. Rxa3 Bb7 19. Nd6 Qb6 20. Rb3 Bxf3+
21. gxf3 Qc6 22. Ne4 Nh6 23. Rg1 Nf5 24. Rc3 dxc3 0-1

[Event "Challenge"]
[Site "http://www.queenalice.com/game.php?id=1457598"]
[Date "2017.1.2"]
[Round "-"]
[White "cerdany"]
[Black "din4"]
[Result "0-1"]
[WhiteElo "1629"]
[BlackElo "1303"]

1. e4 e5 2. Nf3 Nc6 3. Bb5 a6 4. Bxc6 bxc6 5. Nxe5 Qe7 6. d4 d6 7. Nxc6 Qxe4+ 8.
Qe2 Qxe2+ 9. Kxe2 Bb7 10. d5 Bxc6 11. dxc6 d5 12. Re1 O-O-O 13. Bf4 Ne7 14. Nc3
Nf5 15. Rad1 Bb4 16. g4 Rhe8+ 17. Kf1 Rxe1+ 18. Rxe1 Nd4 19. Re7 Bxe7 20. Be5
Nxc6 21. Bxg7 Rg8 22. Bh6 Rxg4 23. Nxd5 Bd6 24. c3 Bxh2 25. Ke2 Ne5 26. Bd2 h5
27. b3 Rg2 28. Be3 Ng4 29. Bd4 h4 30. Kf1 Rg1+ 31. Ke2 Rg2 32. b4 h3 33. b5 axb5
34. a3 Bg1 35. Kf1 Nh2+ 36. Ke2 Ng4 37. Kf3 Nh2+ 38. Ke2 Rg5 39. Nf4 Nf3 40.
Nxh3 Nxd4+ 41. cxd4 f6 42. Nxg5 fxg5 43. Kf3 Bh2 44. d5 Bd6 45. Ke3 Bxa3 46. Kd4
Kd7 47. Kd3 Kd6 48. Kd4 Bc5+ 49. Ke4 Bxf2 50. Kf3 Be1 51. Kg2 b4 52. Kh1 b3 0-1

[Event "Torneo Castellar Vidrio"]
[Site "http://www.queenalice.com/game.php?id=1457618"]
[Date "2017.1.2"]
[Round "-"]
[White "cerdany"]
[Black "JORAM2205"]
[Result "1-0"]
[WhiteElo "1605"]
[BlackElo "1736"]

1. e4 e5 2. Nf3 Nc6 3. d4 d6 4. d5 Na5 5. h3 h6 6. Bb5+ Bd7 7. Bxd7+ Qxd7 8. O-O
Nf6 9. Nc3 Be7 10. Nd2 h5 11. b4 Nc6 12. dxc6 Qxc6 13. Bb2 O-O-O 14. b5 Qb6 15.
a4 d5 16. exd5 Bd6 17. Nde4 Be7 18. Nxf6 Bxf6 19. Ne4 Rde8 20. Nxf6 Qxf6 21. Re1
Kb8 22. f4 Qxf4 23. Rf1 Qe3+ 24. Kh1 f6 25. Ra3 Qe4 26. d6 cxd6 27. Qxd6+ Ka8
28. Qd3 Qb4 29. Rb3 Qxa4 30. Ra3 Qb4 31. Qe3 a5 32. bxa6 b6 33. Rb3 Qc4 34. Qxb6
Qxf1+ 35. Kh2 Qf4+ 36. Kg1 Qe4 37. a7 Rc8 38. Kh2 Qc6 39. Qa5 Qd7 40. Qb4 Rhd8
41. Bc1 g5 42. Qe4+ Qd5 43. Qa4 Qd4 44. Qa6 Qxa7 45. Qxf6 g4 46. Ra3 g3+ 47.
Kxg3 Rg8+ 48. Kh2 Qxa3 49. Bxa3 Ka7 50. Bb2 Kb7 51. Qf7+ Kb6 52. Qe6+ Kb7 53.
Qb3+ Kc6 54. Bxe5 Rgf8 55. Qc3+ Kd5 56. Qd4+ Ke6 57. Qd6+ Kf7 58. Qf6+ Ke8 59.
Qe6+ Kd8 60. Bd4 Kc7 61. Bc5 Rce8 62. Qb6+ Kd7 63. Bxf8 Rxf8 64. Qb5+ Ke7 65.
Qc5+ Kf7 66. Qxh5+ Ke6 67. Qh6+ Rf6 68. Qxf6+ Kxf6 69. Kg3 Ke7 70. Kg4 Ke6 71.
h4 Ke7 72. h5 Kf6 73. Kh4 Kg7 74. Kg5 Kf8 75. h6 Kf7 76. c4 Kf8 77. Kg6 Ke7 78.
h7 Ke8 79. h8=Q+ Kd7 80. Qd4+ Kc7 81. c5 Kc6 82. Qd6+ Kb5 83. c6 Kc4 84. c7 Kb5
85. c8=Q 1-0

[Event "Ya esta liada"]
[Site "http://www.queenalice.com/game.php?id=1457671"]
[Date "2017.1.3"]
[Round "-"]
[White "din4"]
[Black "cerdany"]
[Result "0-1"]
[WhiteElo "1306"]
[BlackElo "1626"]

1. e4 e5 2. Qf3 Qf6 3. Qxf6 Nxf6 4. f3 Bc5 5. Bc4 Bxg1 6. Rxg1 a6 7. g4 b5 8.
Bb3 a5 9. g5 Nh5 10. d3 O-O 11. g6 hxg6 12. Rg5 c6 13. a4 d6 14. Rxg6 Nf4 15.
Rxd6 Be6 16. axb5 Bxb3 17. cxb3 cxb5 18. b4 a4 19. Ra3 Ra6 20. Rxa6 Nxa6 21. Bd2
Rd8 22. Bxf4 exf4 23. Rc3 Nxb4 24. Ke2 Rd6 25. Na3 Rh6 26. h4 Rxh4 27. Rc5 Rh2+
28. Kd1 Nxd3 29. Rxb5 Nxb2+ 30. Kc1 Nd3+ 31. Kb1 Ne1 32. Ra5 Nxf3 33. Rxa4 g5
34. Nc2 g4 35. Nb4 g3 36. Nd5 g2 37. Kc2 g1=Q+ 38. Kd3 Qd1+ 39. Kc4 Qxa4+ 40.
Nb4 Rc2+ 41. Kd5 Qd7# 0-1

[Event "Challenge"]
[Site "http://www.queenalice.com/game.php?id=1471661"]
[Date "2017.4.3"]
[Round "-"]
[White "cerdany"]
[Black "JORAM2205"]
[Result "1-0"]
[WhiteElo "1590"]
[BlackElo "1757"]

1. e4 e5 2. Nf3 d6 3. Bc4 Nf6 4. Nc3 Qe7 5. O-O Nc6 6. h3 a6 7. d3 g6 8. a3 Bg7
9. Nd5 Nxd5 10. Bxd5 Bd7 11. c3 Bf6 12. Bh6 b5 13. a4 b4 14. Qb3 Be6 15. Bxc6+
Kd8 16. Qxb4 Rc8 17. Qa5 d5 18. Bxd5 Qd6 19. d4 Bd7 20. dxe5 Bxe5 21. Bxf7 Bf6
22. e5 Bxe5 23. Nxe5 Qe6 24. Bg5+ Qe7 25. Qd5 1-0

[Event "Challenge"]
[Site "http://www.queenalice.com/game.php?id=1471662"]
[Date "2017.4.3"]
[Round "-"]
[White "cerdany"]
[Black "doriam2203"]
[Result "0-1"]
[WhiteElo "1649"]
[BlackElo "1686"]

1. e4 d5 2. exd5 Qxd5 3. Nf3 Nc6 4. Nc3 Qd8 5. Bc4 Bf5 6. O-O e6 7. a3 a6 8. d3
h6 9. Bf4 Nf6 10. h3 Bd6 11. Bxd6 Qxd6 12. Bb3 O-O-O 13. Bc4 g5 14. b4 g4 15. b5
gxf3 16. Qxf3 Nd4 17. Qd1 Rhg8 18. Ne2 Bxh3 19. Ng3 Bg4 20. Qd2 axb5 21. Bb3 h5
22. Qh6 Nxb3 23. cxb3 Nd5 24. a4 b4 25. a5 Rh8 26. Qg5 Rdg8 27. Ne4 Rxg5 28.
Nxd6+ cxd6 29. Rfc1+ Kb8 30. a6 bxa6 31. Rxa6 Rhg8 32. Rxd6 Bf3 33. g3 h4 34.
Rd7 hxg3 35. Rxf7 Nc3 0-1

[Event "Challenge"]
[Site "http://www.queenalice.com/game.php?id=1471663"]
[Date "2017.4.3"]
[Round "-"]
[White "cerdany"]
[Black "Nomada76"]
[Result "0-1"]
[WhiteElo "1638"]
[BlackElo "1832"]

1. e4 e5 2. Nf3 Nc6 3. Bc4 Bc5 4. c3 Qf6 5. d4 exd4 6. e5 Nxe5 7. Qe2 d6 8. cxd4
Bb4+ 9. Bd2 Bxd2+ 10. Nbxd2 Bg4 11. dxe5 dxe5 12. Qxe5+ Qxe5+ 13. Nxe5 Bh5 14.
O-O O-O-O 15. Bxf7 Rxd2 16. Bxh5 Nf6 17. Bg4+ Kb8 18. Rfd1 Rxb2 19. Nd7+ Nxd7
20. Bxd7 Rf8 21. f3 a6 22. Rdb1 Rc2 23. Bf5 Rxf5 24. Rd1 Rg5 25. Rd8+ Ka7 26. g4
h5 27. h3 Rc3 28. Rf8 hxg4 29. hxg4 Rgc5 30. Rf7 g5 31. Rf1 Rc2 32. Rf5 Rxf5 33.
gxf5 Rc5 34. f6 Rf5 35. Kf2 Rxf6 36. Rg1 b5 37. Rxg5 Kb6 38. Ke3 c5 39. Kd2 Rxf3
0-1

[Event "Challenge"]
[Site "http://www.queenalice.com/game.php?id=1471742"]
[Date "2017.4.3"]
[Round "-"]
[White "JORAM2205"]
[Black "cerdany"]
[Result "1-0"]
[WhiteElo "1747"]
[BlackElo "1600"]

1. e4 e5 2. Nf3 Nc6 3. Bb5 Nd4 4. Nxd4 exd4 5. O-O c6 6. Bc4 Nf6 7. Re1 d5 8.
exd5+ Be7 9. dxc6 O-O 10. d3 bxc6 11. Bf4 Nd5 12. Bxd5 Qxd5 13. Rxe7 Be6 14. Nd2
Rfe8 15. Rxe8+ Rxe8 16. Ne4 h6 17. Bxh6 Bf5 18. f3 Bg6 19. Bf4 Bxe4 20. fxe4 Qe6
21. Qh5 c5 22. Rf1 Qxa2 23. Bd6 Rc8 24. b3 1-0

[Event "Challenge"]
[Site "http://www.queenalice.com/game.php?id=1471761"]
[Date "2017.4.3"]
[Round "-"]
[White "doriam2203"]
[Black "cerdany"]
[Result "0-1"]
[WhiteElo "1705"]
[BlackElo "1630"]

1. e4 e5 2. Nf3 Nc6 3. Bc4 Nf6 4. d3 Bc5 5. Ng5 d5 6. exd5 Nxd5 7. Qf3 Be6 8.
Nxe6 fxe6 9. Nc3 Nd4 10. Qd1 Nxc3 11. bxc3 b5 12. cxd4 Bb4+ 13. Bd2 Bxd2+ 14.
Kxd2 bxc4 15. Qh5+ g6 16. Qxe5 Rf8 17. Qxe6+ Qe7 18. Qc6+ Kf7 19. Qxc4+ Kg7 20.
f3 Qg5+ 21. Kc3 Qxg2 22. Rhg1 Qxh2 23. Rh1 Qf4 24. Rae1 Rf7 25. Qc5 Qf6 26. Reg1
Rff8 27. Qxc7+ Qf7 28. Qe5+ Kg8 29. Rg3 Rae8 30. Qh5 Qc7+ 31. Kd2 Qf4+ 32. Kc3
Qf7 33. f4 Qc7+ 34. Kb2 Rb8+ 35. Kc1 Qxf4+ 36. Kd1 Rb1+ 0-1

[Event "Challenge"]
[Site "http://www.queenalice.com/game.php?id=1471785"]
[Date "2017.4.4"]
[Round "-"]
[White "Nomada76"]
[Black "cerdany"]
[Result "0-1"]
[WhiteElo "1846"]
[BlackElo "1613"]

1. e4 e5 2. Bc4 Nf6 3. Nc3 Bc5 4. d3 c6 5. Bg5 b5 6. Bb3 a5 7. a3 a4 8. Ba2 h6
9. Bh4 d5 10. exd5 b4 11. axb4 Bxb4 12. dxc6 Nxc6 13. Ne2 O-O 14. O-O Be7 15.
Kh1 Bb7 16. f4 Ng4 17. Bxe7 Qxe7 18. Nd5 Qh4 19. h3 Nf2+ 20. Rxf2 Qxf2 21. Ng1
Nb4 22. Ne7+ Kh7 23. Qg4 Nxc2 24. Rc1 Ne3 25. Qe2 Bxg2+ 0-1

[Event "Alsina-2"]
[Site "http://www.queenalice.com/game.php?id=1588316"]
[Date "2019.10.29"]
[Round "2"]
[White "din4"]
[Black "cerdany"]
[Result "0-1"]
[WhiteElo "1435"]
[BlackElo "1631"]

1. d4 d5 2. b4 Bf5 3. c3 Bxb1 4. Rxb1 e6 5. h4 h6 6. Ba3 Nf6 7. f3 Bd6 8. Qd3
O-O 9. Rh3 a6 10. e4 dxe4 11. fxe4 e5 12. Nf3 Qe7 13. dxe5 Bxe5 14. Nxe5 Qxe5
15. b5 Re8 16. b6 Nxe4 17. Re3 Nc6 18. Rxe4 Qxe4+ 19. Qxe4 Rxe4+ 20. Kd2 Ra4 21.
Rb3 cxb6 22. Kc2 Rc8 23. Kb2 b5 24. Rb4 Nxb4 25. Bxb4 Re8 26. Kb3 Re1 27. Bd3
Ra1 28. a3 Rh1 29. g3 Rh3 30. Be4 a5 31. Bxb7 axb4 32. cxb4 Rxg3+ 33. Kb2 Raxa3
34. Bd5 Ra4 35. h5 Rxb4+ 36. Ka2 Rf4 37. Bb3 b4 38. Bc2 Rf2 39. Kb1 b3 40. Bxb3
Rg1+ 41. Bd1 Rxd1# 0-1

[Event "Alsina-2"]
[Site "http://www.queenalice.com/game.php?id=1590469"]
[Date "2019.11.18"]
[Round "3"]
[White "Equiferus"]
[Black "cerdany"]
[Result "0-1"]
[WhiteElo "1898"]
[BlackElo "1639"]

1. d4 d5 2. Nf3 Nf6 3. e3 e6 4. Be2 Bb4+ 5. c3 Ba5 6. O-O O-O 7. b4 Bb6 8. Ba3
c6 9. Nbd2 Bc7 10. Rc1 b5 11. Ne5 Bxe5 12. dxe5 Ne4 13. Rc2 Nxd2 14. Rxd2 Nd7
15. f4 a5 16. Bd3 axb4 17. Bxb4 c5 18. Bxc5 Nxc5 19. Bb1 Ra3 20. Rb2 Rxc3 21.
Re1 Ba6 22. g3 Qa5 23. Qd2 b4 24. Rd1 Na4 25. Rb3 Bc4 26. Rxc3 Nxc3 27. Qc2 g6
28. Rd2 Nxb1 29. Qxb1 b3 30. axb3 Qxd2 31. bxc4 Qxe3+ 32. Kg2 dxc4 33. Kf1 c3
34. Qc2 Rd8 0-1

[Event "Alsina-2"]
[Site "http://www.queenalice.com/game.php?id=1596105"]
[Date "2020.1.12"]
[Round "4"]
[White "cerdany"]
[Black "tomatito2"]
[Result "1-0"]
[WhiteElo "1665"]
[BlackElo "1786"]

1. e4 e5 2. Nf3 Nc6 3. Bc4 Nf6 4. Nc3 d6 5. O-O Bg4 6. h3 Bh5 7. Bb5 a6 8. Bxc6+
bxc6 9. d3 h6 10. Re1 Be7 11. Ne2 Bxf3 12. gxf3 O-O 13. b3 d5 14. Bb2 dxe4 15.
fxe4 Bd6 16. c4 Re8 17. Ng3 g6 18. Qd2 Kg7 19. d4 exd4 20. Qxd4 c5 21. Qc3 Be5
22. Qc1 Bxg3 23. fxg3 Kh7 24. Rf1 Re6 25. Bxf6 Qd6 26. Qf4 Rxf6 27. Qxd6 Rxf1+
28. Rxf1 cxd6 29. Rxf7+ Kg8 30. Rd7 Re8 31. Rxd6 Kf7 32. Rxa6 Rxe4 33. Rc6 Re2
34. a4 Re3 35. Kg2 Rxb3 36. Rxc5 Ke6 37. h4 Kd6 38. Rb5 Rc3 39. Rb6+ Ke5 40.
Rxg6 Rxc4 41. a5 Ra4 42. a6 Kf5 43. Rxh6 Kg4 44. Rg6+ Kf5 45. Rg5+ Kf6 46. Kh3
Rxa6 47. Rg4 Ra5 48. Rf4+ Kg6 49. Kg4 Re5 50. h5+ Rxh5 51. Rf6+ Kxf6 52. Kxh5
Kg7 53. g4 Kh7 54. g5 Kg7 55. Kg4 Kg6 56. Kh4 Kh7 57. Kh5 Kg8 58. Kh6 Kh8 59. g6
Kg8 60. g7 Kf7 61. Kh7 Ke7 62. g8=Q Kf6 63. Qg6+ Ke5 64. Kh6 Kf4 65. Kh5 Ke5 66.
Kg5 Kd5 67. Kf5 Kd4 68. Qe6 Kc5 69. Ke4 Kb5 70. Kd4 Kb4 71. Kd3 Kc5 72. Qc4+ Kd6
73. Kd4 Kd7 74. Kd5 Ke7 75. Ke5 Kd7 76. Qe6+ Kc7 77. Qd6+ Kb7 78. Kd5 Ka7 79.
Kc6 Ka8 80. Kc7 Ka7 81. Qb6+ Ka8 82. Qb7# 1-0